000 00552nam a2200193Ia 4500
005 20250326143829.0
008 250326s9999 xx 000 0 und d
020 _a1-878289-29-2
037 _aTextbook
040 _aFMSL
_beng
_cFMSL
041 _aeng
_2eng
084 _aX:74 N8
_qFMSL
100 _aGrover V
245 0 _aBusiness process change :reengineering concepts, methods andtechnologies
_cGrover V; Kettinger W J
260 _aUSA
_bUSA, Idea
_c1998
300 _a687p
942 _cTB
_hX:74 N8
999 _c1301239
_d1301239